00769nam a22002417a 4500001000500000005001700005020001800022040002900040050001500069082001200084100002000096245007300116250003100189260003800220300002700258490001900285505000800304520010100312521002000413521002000433650003700453650003700490105720240927134253.0 a9780439738576 aFISKHbengcFISKHdFISKH aPZ7.B78973 a823.92  aBrooke, Lauren  aPlaying for Keeps /cby Lauren Brooke author of the Heartland series aFirst Printing, May 2006.  aNew York : bScholastic, c2006.  a204 pages : c20 cm .  aChestnut Hill  aW  aLani must convince her parents not to have her transferred from Chestnut Hill to another school. a880 bLexile  aW bRaz-Plus  aanimalsvhorsesxAnimals Horses  ahorsesvanimalsxAnimals Horses